Traité élémentaire de droit aérien
Kaydedildi:
| Yazar: | |
|---|---|
| Materyal Türü: | Kitap |
| Dil: | Fransızca |
| Baskı/Yayın Bilgisi: |
París
Librairie Générale de Droit et de Jurisprudence
1952
|
| Konular: | |
| Etiketler: |
Etiketle
Etiket eklenmemiş, İlk siz ekleyin!
|
MARC
| LEADER | 00000nam a2200000 a 4500 | ||
|---|---|---|---|
| 001 | UCS1980 | ||
| 003 | CL-VaPUC | ||
| 008 | 970516e19520000FR |||||||||||||||||fre|d | ||
| 082 | 0 | 4 | |a 343.097 |b JUG |2 21 |
| 100 | |a Juglart, Michel de |e author |9 386897 | ||
| 245 | 1 | 0 | |a Traité élémentaire de droit aérien |
| 300 | |a 410 p | ||
| 942 | |c BK | ||
| 945 | |d 19970516 00:00:00 |a cmena | ||
| 260 | |a París |b Librairie Générale de Droit et de Jurisprudence |c 1952 | ||
| 650 | 0 | |a Derecho aéreo |9 260765 | |
| 650 | 0 | |a Transportes aéreos |9 260842 | |
| 650 | 7 | |a AVIACION COMERCIAL |2 CL-VaPUC |9 260764 | |
| 650 | 0 | |a Aeronavegación |9 381471 | |
| 650 | 0 | |a Aeronaves |9 381560 | |
| 650 | 7 | |a ESPACIO AEREO |2 CL-VaPUC |9 336784 | |
| 650 | 7 | |a SEGUROS |2 CL-VaPUC |9 386898 | |
| 583 | |a last modification |c 19970516 00:00:00 |k Rodrigo Vera | ||
| 999 | |c 259980 |d 259978 | ||
| 952 | |0 0 |1 0 |4 0 |6 343_097000000000000_JUG_1952 |7 0 |8 A |9 285522 |a BIBDER |b BIBDER |d 2019-11-19 |i 1854682 |o 343.097 JUG 1952 |p 1854682 |r 2019-11-19 |w 2019-11-19 |y BK |k DER | ||